| 000 | 00372nam a2200109Ia 4500 | ||
|---|---|---|---|
| 008 | 171204s9999 xx 000 0 und d | ||
| 245 | _aGroup Dynamics In Exercise And Sport Psychology: | ||
| 245 | _cMark A. Eys and Mark R. Beauchamp | ||
| 260 | _c2014 | ||
| 650 | _xGROUP DYNAMICS WITH TRAINING TECHNIQUES | ||
| 856 | _uhttp://down.ebook777.com/026/GroDynInExeAndSpoPsy.pdf | ||
| 999 |
_c346441 _d346441 |
||